Fichajes Récord del Leganés - Estadísticas

Estadísticas generales
  • Esta prueba ha sido intentada 76 veces
    14 desde el último reinicio
  • La puntuación promedio es 6 de 20
Estadísticas de respuestas
$$$ Temporada Viene de... Jugador % Correcto
1.000.000 2024/25 Real Betis Juan Cruz
100%
5.000.000 2018/19 Barcelona B José Manuel Arnáiz
57%
7.000.000 2019/20 Chelsea Kenneth Omeruo
57%
2.000.000 2024/25 Alavés Miguel de la Fuente
57%
2.500.000 2016/17 Juventus Gabriel Pires
43%
800.000 2025/26 Real Madrid Castilla Marvel
43%
1.000.000 2016/17 Real Zaragoza Diego Rico
29%
3.000.000 2017/18 Olympiacos Dimitrios Siovas
29%
2.700.000 2019/20 Sporting Lisboa Jonathan Silva
29%
3.000.000 2020/21 Osasuna Luis Perea
29%
5.000.000 2019/20 Middlesbrough Martin Braithwaite
29%
6.000.000 2018/19 Málaga Youssef En-Nesyri
29%
1.300.000 2025/26 SC Cambuur Benjamín Pauwels
14%
2.500.000 2017/18 Génova Ezequiel Muñoz
14%
1.200.000 2016/17 Racing Santander Mamadou Koné
14%
1.500.000 2018/19 Málaga Recio
14%
2.500.000 2018/19 CD Lugo Vasyl Kravets
14%
1.000.000 2019/20 Porto B Federico Varela
0%
1.500.000 2019/20 Alcorcón Juan Muñoz
0%
1.200.000 2019/20 Málaga Roberto Rosales
0%
No se encontraron pruebas coincidentes
Distribución de puntuación
Porcentaje de gente con cada puntuación
Porcentaje por número respondido
Historial de tus puntuaciones
No has intentado esta prueba desde el último reinicio